000 01019cab a2200265 4500
001 WB3020-41
008 090401t1994 xxu||||| |||| 00| 0 eng d
035 _a(Sirsi) u58459
041 _aeng
245 _aNegligent solicitors
260 _c1994
350 _a0
490 _aEstates Gazette Case Summaries
_v1994 EGCS 89 (21/5/94)
520 _aIn "Mortgage Express Ltd v Bowerman and Partners " ChD 11 May 1994 a firm of solicitors were held liable in damages for £117,549.19 in an action for negligence brought by the mortgage lenders. B failed to inform M of information which cast doubt on a valuation. The issue was whether they had been negligent in doing so.
650 _aCONFLICT OF INTEREST
650 _aDAMAGES
650 _aDISCLOSURE OF INFORMATION
650 _aMORTGAGE VALUATIONS
650 _aNEGLIGENCE
650 _aSOLICITORS
690 _aMANAGEMENT-BUSINESS MANAGEMENT-PROFESSIONAL PRACTICE
690 _aRATING AND VALUATION-CASE LAW
942 _n0
948 _c04/03/1997
999 _c35692
_d35692